000 01172nam a22003137a 4500
003 CHAP
005 20220329134743.0
008 971013s r 00010 d
010 _a25299
011 _a26271
035 _a30371
040 _cCHAP
082 _a385
_bI5
110 _aInstituto Latinoamericano de Investigaciones Sociales
_959242
245 _aPolíticas de transporte en esquemas de integración económica, con especial referencia al transporte vial
260 _a(s.l.) :
_bInstituto para la Investigación de América Latina,
_c(s.a.)
300 _a506 p.
_b; gráfs. ; mapas
590 _aBATCH-UPD
_b10
_c20130110
_lUCH01
_h0236
590 _aBATCH-UPD
_b10
_c20130110
_lUCH01
_h1620
590 _aBATCH-UPD
_b10
_c20130409
_lUCH01
_h2301
590 _aBATCH-UPD
_b10
_c20130914
_lUCH01
_h0322
590 _aCONVERSION
_b10
_c20130109
_lUCH01
_h1315
650 1 4 _aAmérica Latina
_xIntegración económica.
_95403
650 1 4 _aTransporte
_xAmérica Latina.
_9114635
901 _aBK
942 _cLIBRO
949 _a385 I5
_bBC
_cLIBRO
_d33724000433298
_eLIBRO
_h35680
_i30371
_si
949 _a385 I5
_bBC
_cLIBRO
_d33724000433306
_eLIBRO
_fc.2
_h49169
_i30371
_si
999 _c25299
_d25299